La audiencia de Santa Fé en los siglos XVI y XVII

Gespeichert in:
Bibliographische Detailangaben
1. Verfasser: Mayorga García, Fernando (autor)
Körperschaft: Instituto Colombiano de Cultura Hispánica (VerfasserIn)
Format: Buch
Sprache:Spanisch
Veröffentlicht: Bogotá Imprenta Nacional de Colombia 1991
Schlagworte:
Tags: Tag hinzufügen
Keine Tags, Fügen Sie den ersten Tag hinzu!

MARC

LEADER 00000nam a2200000 a 4500
001 UCV2245
003 CL-VaPUC
008 920317e19910000CK |||||||||||||||||spa|d
082 0 4 |a 340.098  |b MAY  |2 21 
100 |a Mayorga García, Fernando  |e autor  |9 296519 
110 2 |a Instituto Colombiano de Cultura Hispánica  |e author  |9 296520 
245 1 3 |a La audiencia de Santa Fé en los siglos XVI y XVII 
300 |a 601 p 
942 |c BK 
945 |d 19920317 00:00:00 
260 |a Bogotá  |b Imprenta Nacional de Colombia  |c 1991 
650 7 |a DERECHO  |2 CL-VaPUC  |9 296521 
650 0 |a Historia y crítica   |9 257407 
650 0 |a Derecho Indiano  |9 256266 
583 |a last modification  |c 19920317 00:00:00  |k Rodrigo Vera 
999 |c 209894  |d 209892 
952 |0 0  |1 0  |4 0  |6 340_098000000000000_MAY_1991  |7 0  |8 DER_HDC  |9 185753  |a BIBDER  |b BIBDER  |d 2019-11-14  |i 2531968  |o 340.098 MAY 1991  |p 2531968  |r 2023-01-25  |w 2019-11-14  |x Ubicación 4to Piso  |y BK  |z Estos recursos deben solicitarse con anticipación  |k DER 
952 |0 0  |1 0  |4 0  |6 340_098000000000000_MAY_1991  |7 0  |8 DER_HDC  |9 185754  |a BIBDER  |b BIBDER  |d 2019-11-14  |i 1888390  |o 340.098 MAY 1991  |p 1888390  |r 2023-01-25  |w 2019-11-14  |x Ubicación 4to Piso  |y BK  |z Estos recursos deben solicitarse con anticipación  |k DER 
952 |0 0  |1 0  |4 0  |6 340_098000000000000_MAY_1991  |7 0  |8 A  |9 185755  |a BIBDER  |b BIBDER  |d 2019-11-14  |i 4660552  |o 340.098 MAY 1991  |p 4660552  |r 2023-01-25  |w 2019-11-14  |y BK  |k DER